After the break up (Record no. 33851)

MARC details
000 -LEADER
fixed length control field 00535nam a2200145 a 4500
008 - FIXED-LENGTH DATA ELEMENTS--GENERAL INFORMATION
fixed length control field 120416s0000 ||||||||||||||||| || u
020 ## - INTERNATIONAL STANDARD BOOK NUMBER
International Standard Book Number 0815716052
050 ## - LIBRARY OF CONGRESS CALL NUMBER
Classification number HE 8815 Cra
100 ## - MAIN ENTRY--PERSONAL NAME
Personal name Crandall, Robert W
245 10 - TITLE STATEMENT
Title After the break up
246 ## - VARYING FORM OF TITLE
Title proper/short title U.S. telecommunications in a more competitive era
260 ## - PUBLICATION, DISTRIBUTION, ETC.
Place of publication, distribution, etc. Washington
Name of publisher, distributor, etc. Brookings Institution
Date of publication, distribution, etc. 1991
350 ## - PRICE (NR) (BK AM CF MU VM SE) [OBSOLETE]
Price 0.00
995 ## - RECOMMENDATION 995 [LOCAL, UNIMARC FRANCE]
-- 0.00
-- CBU-MAIN LIBRARY (Kitwe)
-- 1
-- 11.95
-- AVAILABLE
-- Annex Low-Usage Collection
Holdings
Withdrawn status Lost status Source of classification or shelving scheme Damaged status Not for loan Home library Current library Shelving location Date acquired Total Checkouts Full call number Barcode Date last seen Price effective from Koha item type
          CBU-MAIN LIBRARY, KITWE. CBU-MAIN LIBRARY, KITWE.   11/30/2022   HE 8815 Cra 004577 11/30/2022 11/30/2022 MONOGRAPH